00916nam a22002057a 4500003000400000020001800004082001900022100001800041245005200059250000800111260003800119300000800157650001400165653005200179942001200231952015100243952015100394952014800545999001700693SGT a9780367771164 a616.0757bC23D aDODGEON, JAN  aCLARK'S ESSENTIAL GUIDE TO CLINICAL ULTRASOUND  a1ST aBOCA RATON bCRC PRESS PUB c2023 a365 aRADIOLOGY aCLARK'S ESSENTIAL GUIDE TO CLINICAL ULTRASOUND  2ddccBK 00102ddc40718MEDICALaFMbFMcREFd2025-03-23eABC DELHIg3412.00iSGTUl0o616.0757 C23DpFM15157r2025-04-16 00:00:00w2025-03-23yBKk20800 00102ddc40718MEDICALaFMbFMcREFd2025-03-23eABC DELHIg3412.00iSGTUl0o616.0757 C23DpFM15158r2025-04-16 00:00:00w2025-03-23yBKk20800 00102ddc40718MEDICALaFMbFMcREFd2025-03-23eABC DELHIg3412.00iSGTUo616.0757 C23DpFM15156r2025-04-16 00:00:00w2025-03-23yBKk20800 c30864d30864